[Event "BCF-chT3Sa 1718 (4NCL)"]
[Site "England"]
[Date "2017.11.12"]
[Round "2.34"]
[White "Lunn, Timothy"]
[Black "Hughes, Anthony"]
[Result "1-0"]
[WhiteElo "2018"]
[BlackElo "1827"]
[PlyCount "87"]
[EventDate "2017.11.11"]
[EventType "team-tourn"]
[EventRounds "11"]
[EventCountry "ENG"]
[SourceTitle "EXT 2020"]
[Source "ChessBase"]
[SourceDate "2019.10.17"]
[SourceVersion "1"]
[SourceVersionDate "2019.10.17"]
[SourceQuality "1"]
[WhiteTeam "Anglian Avengers II"]
[BlackTeam "The Full Ponty"]
[WhiteTeamCountry "ENG"]
[BlackTeamCountry "WLS"]

1. d4 d5 2. c4 c6 3. Nc3 Nf6 4. e3 a6 5. Qc2 b5 6. b3 e6 7. Nf3 Nbd7 8. Bd3 Be7 9. 0-0 0-0 10. Bb2 Qc7 11. Ne2 Qb6 12. c5 Qc7 13. b4 Re8 14. h3 Nf8 15. Ne5 N6d7 16. f4 f6 17. Nf3 Bd8 18. e4 dxe4 19. Bxe4 f5 20. Bd3 Nf6 21. Bc3 Nd5 22. Bd2 Bf6 23. Ne5 Rd8 24. a3 Bd7 25. Nc3 Be8 26. Nxd5 Rxd5 27. Be3 Bh5 28. Qc3 Rad8 29. Rf2 g5 30. g3 Ng6 31. Bf1 gxf4 32. gxf4 Nh4 33. Bg2 Qg7 34. Kh2 Bxe5 35. Bxd5 Rxd5 36. Rg1 Bxf4+ 37. Bxf4 Bg6 38. Be5 Qh6 39. Qg3 f4 40. Bxf4 Qh5 41. Bh6 Rd8 42. Bg5 Rxd4 43. Qb8+ Be8 44. Bh6+ 1-0

[Event "BCF-chT3 1213 (4NCL)"]
[Site "England"]
[Date "2013.05.04"]
[Round "9.80"]
[White "Edwards, Simon R"]
[Black "Lunn, Timothy"]
[Result "1-0"]
[WhiteElo "1971"]
[BlackElo "2059"]
[PlyCount "133"]
[EventDate "2012.11.03"]
[EventType "team-swiss"]
[EventRounds "11"]
[EventCountry "ENG"]
[SourceTitle "EXT 2014"]
[Source "ChessBase"]
[SourceDate "2013.11.20"]
[SourceVersion "1"]
[SourceVersionDate "2013.11.20"]
[SourceQuality "1"]
[WhiteTeam "Cheddleton II"]
[BlackTeam "Anglian Avengers II"]
[WhiteTeamCountry "ENG"]
[BlackTeamCountry "ENG"]

1. e4 c5 2. Nc3 Nc6 3. f4 g6 4. Nf3 Bg7 5. Bb5 Nd4 6. 0-0 Nxb5 7. Nxb5 d6 8. Rb1 Nf6 9. d3 a6 10. Nc3 0-0 11. Qe1 b5 12. Qh4 e6 13. f5 Nd7 14. fxe6 fxe6 15. Bg5 Bf6 16. Bxf6 Nxf6 17. Ng5 Ra7 18. Rf2 Rg7 19. Rbf1 h5 20. e5 dxe5 21. Nce4 Nh7 22. Nxh7 Qxh4 23. Rxf8+ Kxh7 24. Nf6+ Kh6 25. Rh8+ Kg5 26. Ne4+ Qxe4 27. dxe4 Bb7 28. Re8 Bxe4 29. Rxe6 Bxc2 30. Rxe5+ Kh6 31. Rxc5 Bd3 32. Rd1 Be2 33. Rd2 Bg4 34. h3 Be6 35. a3 Bc4 36. Rd6 a5 37. Rcc6 a4 38. Kf2 Kg5 39. h4+ Kxh4 40. Rxg6 Rf7+ 41. Rcf6 Rxf6+ 42. Rxf6 Kg5 43. Rf8 Kg4 44. g3 Kg5 45. Rf4 Bd3 46. Kf3 Bc4 47. Rd4 Be6 48. Rd6 Bc4 49. Ke4 Be2 50. Ke5 Kg4 51. Rg6+ Kf3 52. Rg5 Ke3 53. Kd6 Kf2 54. Kc6 Kg2 55. Kc5 Kf2 56. Re5 Bg4 57. Kxb5 Bd7+ 58. Kb4 Bg4 59. Kxa4 Kxg3 60. Rxh5 Bxh5 61. b4 Kf4 62. Kb5 Ke5 63. Kc5 Ke6 64. b5 Kd7 65. Kb6 Kc8 66. Ka7 Bf3 67. b6 1-0

[Event "BCF-chT3 1112 (4NCL)"]
[Site "England"]
[Date "2012.03.31"]
[Round "7.45"]
[White "Lunn, Timothy"]
[Black "Woods, Timothy J"]
[Result "1-0"]
[WhiteElo "2054"]
[BlackElo "1838"]
[PlyCount "60"]
[EventDate "2011.11.12"]
[EventType "team-swiss"]
[EventRounds "11"]
[EventCountry "ENG"]
[SourceTitle "EXT 2013"]
[Source "ChessBase"]
[SourceDate "2012.11.22"]
[SourceVersion "1"]
[SourceVersionDate "2012.11.22"]
[SourceQuality "1"]
[WhiteTeam "Anglian Avengers II"]
[BlackTeam "Sussex Smart Survivors"]
[WhiteTeamCountry "ENG"]
[BlackTeamCountry "ENG"]

1. d4 d6 2. c4 Nf6 3. Nc3 g6 4. e4 Bg7 5. f3 0-0 6. Be3 Nbd7 7. Nh3 e5 8. d5 Nh5 9. g4 Nf4 10. Nxf4 exf4 11. Bxf4 f5 12. gxf5 gxf5 13. Qd2 Ne5 14. Be2 Qh4+ 15. Bg3 Qh3 16. f4 Ng6 17. Rf1 Bd7 18. 0-0-0 Rae8 19. Bd3 Bxc3 20. Qxc3 fxe4 21. Bc2 e3 22. Rde1 Bf5 23. Bxf5 Qxf5 24. Rxe3 Rxe3 25. Qxe3 Rf7 26. Qe8+ Kg7 27. Be1 Qd3 28. Bc3+ Ne5 29. Rg1+ Kh6 30. Qe6+ Ng6 1-0

[Event "BCF-chT3S 1112 (4NCL)"]
[Site "England"]
[Date "2011.11.13"]
[Round "2.4"]
[White "Lunn, Timothy"]
[Black "Valentine, Brian J"]
[Result "1/2-1/2"]
[WhiteElo "2054"]
[BlackElo "1977"]
[PlyCount "80"]
[EventDate "2011.11.12"]
[EventType "team-swiss"]
[EventRounds "6"]
[EventCountry "ENG"]
[SourceTitle "EXT 2013"]
[Source "ChessBase"]
[SourceDate "2012.11.22"]
[SourceVersion "1"]
[SourceVersionDate "2012.11.22"]
[SourceQuality "1"]
[WhiteTeam "Anglian Avengers II"]
[BlackTeam "FCA Solutions II"]
[WhiteTeamCountry "ENG"]
[BlackTeamCountry "ENG"]

1. d4 Nf6 2. c4 e6 3. Nc3 Bb4 4. Qc2 0-0 5. a3 Bxc3+ 6. Qxc3 b6 7. Bg5 h6 8. Bh4 Bb7 9. Nf3 d6 10. e3 Nbd7 11. Be2 Qc8 12. 0-0 Ne4 13. Qc2 f5 14. Nd2 g5 15. Bg3 Ndf6 16. Nxe4 Nxe4 17. Bd3 Qd7 18. Bxe4 Bxe4 19. Qd2 Qf7 20. f3 Bb7 21. b4 Rad8 22. Qc2 Qg7 23. Rad1 Rf7 24. a4 Re8 25. a5 e5 26. dxe5 dxe5 27. e4 fxe4 28. fxe4 Rd7 29. c5 Rd4 30. Qb3+ Kh8 31. Rxd4 exd4 32. e5 Qg8 33. Qxg8+ Kxg8 34. Rd1 bxa5 35. bxa5 Bd5 36. Rxd4 c6 37. Rb4 Re7 38. h3 Kf7 39. Rb2 Ke8 40. Rb8+ Kf7 1/2-1/2

[Event "BCF-chT3 1011 (4NCL)"]
[Site "England"]
[Date "2010.11.07"]
[Round "2.41"]
[White "Taylor, John Paul"]
[Black "Lunn, Timothy"]
[Result "1/2-1/2"]
[WhiteElo "1762"]
[BlackElo "2055"]
[PlyCount "131"]
[EventDate "2010.11.06"]
[EventType "team-swiss"]
[EventRounds "9"]
[EventCountry "ENG"]
[SourceTitle "CBM 139 Extra"]
[Source "ChessBase"]
[SourceDate "2011.01.05"]
[SourceVersion "1"]
[SourceVersionDate "2011.01.05"]
[SourceQuality "1"]
[WhiteTeam "Bristol III"]
[BlackTeam "Anglian Avengers II"]
[WhiteTeamCountry "ENG"]
[BlackTeamCountry "ENG"]

1. e4 d5 2. exd5 Qxd5 3. Nc3 Qd6 4. Bc4 Nf6 5. d3 a6 6. Qf3 Nc6 7. Ne4 Qd8 8. c3 Ne5 9. Nxf6+ exf6 10. Qe2 Qe7 11. Bf4 Nxc4 12. Qxe7+ Bxe7 13. dxc4 c6 14. Nf3 0-0 15. 0-0 Be6 16. Rfe1 Rfe8 17. b3 Bg4 18. Rad1 Kf8 19. a4 Rad8 20. Bc7 Rxd1 21. Rxd1 Bf5 22. Rd2 Ba3 23. b4 Bc1 24. Bd6+ Kg8 25. Rd1 Bb2 26. Nd4 Bg6 27. b5 cxb5 28. axb5 Bxc3 29. bxa6 bxa6 30. g4 Be4 31. f3 Bxd4+ 32. Rxd4 Bxf3 33. Kf2 Bb7 34. Bb4 g5 35. Rd7 Bc8 36. Rd6 Kg7 37. Bc3 Re6 38. Rd5 Re4 39. Rxg5+ Kf8 40. Rc5 Be6 41. h3 Ke7 42. Rc7+ Kd6 43. Kf3 Rxc4 44. Rxc4 Bxc4 45. Bxf6 Ke6 46. g5 Kf5 47. h4 Bb3 48. h5 Bd1+ 49. Ke3 h6 50. Be7 Bxh5 51. gxh6 Bg6 52. Bc5 Ke5 53. Bd4+ Kd5 54. Bf6 a5 55. Kd2 Kc4 56. Kc1 Kb3 57. Kd2 a4 58. Ke3 Kc2 59. Kd4 a3 60. Kc5 a2 61. Kd6 Kb1 62. Ke7 a1Q 63. Bxa1 Kxa1 64. Kf6 Kb2 65. h7 Bxh7 66. Kxf7 1/2-1/2

[Event "BCF-chT4 0708 (4NCL)"]
[Site "England"]
[Date "2008.03.16"]
[Round "8.3"]
[White "Lunn, Timothy"]
[Black "Zhu, Yaoyao"]
[Result "1/2-1/2"]
[WhiteElo "2074"]
[BlackElo "1997"]
[PlyCount "56"]
[EventDate "2007.09.15"]
[EventType "team-swiss"]
[EventRounds "11"]
[EventCountry "ENG"]
[SourceTitle "EXT 2009"]
[Source "ChessBase"]
[SourceDate "2008.11.26"]
[SourceVersion "1"]
[SourceVersionDate "2008.11.26"]
[SourceQuality "1"]
[WhiteTeam "Anglian Avengers II"]
[BlackTeam "Wales Old Boys"]
[WhiteTeamCountry "ENG"]
[BlackTeamCountry "WLS"]

1. Nf3 d5 2. d4 e6 3. c4 c6 4. Qc2 f5 5. e3 Nf6 6. Nc3 Bd6 7. Bd3 Ne4 8. h3 Nd7 9. g4 Ndf6 10. gxf5 exf5 11. cxd5 cxd5 12. Bd2 Be6 13. Bb5+ Bd7 14. Qa4 Nxc3 15. Bxc3 0-0 16. 0-0-0 Bxb5 17. Qxb5 a6 18. Qb3 b5 19. Bb4 a5 20. Bxd6 Qxd6 21. Kb1 Ne4 22. Rhf1 a4 23. Qd3 a3 24. b3 b4 25. Rc1 Rac8 26. Rxc8 Rxc8 27. Nd2 Rc3 28. Nxe4 fxe4 1/2-1/2

[Event "BCF-chT4 0708 (4NCL)"]
[Site "England"]
[Date "2008.02.10"]
[Round "6.2"]
[White "Dargan, Paul AG"]
[Black "Lunn, Timothy"]
[Result "1-0"]
[WhiteElo "2185"]
[BlackElo "2074"]
[PlyCount "77"]
[EventDate "2007.09.15"]
[EventType "team-swiss"]
[EventRounds "11"]
[EventCountry "ENG"]
[SourceTitle "EXT 2009"]
[Source "ChessBase"]
[SourceDate "2008.11.26"]
[SourceVersion "1"]
[SourceVersionDate "2008.11.26"]
[SourceQuality "1"]
[WhiteTeam "Poisoned Pawns II"]
[BlackTeam "Anglian Avengers II"]
[WhiteTeamCountry "ENG"]
[BlackTeamCountry "ENG"]

1. e4 c5 2. Nf3 Nc6 3. c3 d5 4. exd5 Qxd5 5. d4 Bg4 6. Be2 Nf6 7. h3 Bh5 8. c4 Qd6 9. d5 Bxf3 10. Bxf3 Nd4 11. 0-0 g6 12. Be3 Nxf3+ 13. Qxf3 Bg7 14. Nc3 a6 15. Rfe1 0-0 16. Re2 Rfe8 17. Bf4 Qd7 18. Rae1 Rad8 19. b3 Kf8 20. Na4 b5 21. Nxc5 Qc8 22. Be3 Kg8 23. Rc1 bxc4 24. bxc4 Nd7 25. Nd3 Nf6 26. Ne5 Qc7 27. Nc6 Rd7 28. Bg5 h6 29. Bf4 Qb7 30. Be5 Rc8 31. Rb2 Qa8 32. Nxe7+ Rxe7 33. Bxf6 Bxf6 34. Qxf6 Rce8 35. Rcb1 Qd8 36. Qc3 Re4 37. Rb8 Qe7 38. Rxe8+ Qxe8 39. d6 1-0

[Event "BCF-chT4 0708 (4NCL)"]
[Site "England"]
[Date "2007.11.24"]
[Round "3.3"]
[White "Lunn, Timothy"]
[Black "Jones, Christopher M"]
[Result "1-0"]
[WhiteElo "2075"]
[BlackElo "2145"]
[PlyCount "57"]
[EventDate "2007.09.15"]
[EventType "team-swiss"]
[EventRounds "11"]
[EventCountry "ENG"]
[SourceTitle "EXT 2009"]
[Source "ChessBase"]
[SourceDate "2008.11.26"]
[SourceVersion "1"]
[SourceVersionDate "2008.11.26"]
[SourceQuality "1"]
[WhiteTeam "Anglian Avengers II"]
[BlackTeam "Littlehorpe"]
[WhiteTeamCountry "ENG"]
[BlackTeamCountry "ENG"]

1. Nf3 Nf6 2. c4 g6 3. Nc3 Bg7 4. e4 d6 5. d4 0-0 6. Be2 Nc6 7. 0-0 e5 8. d5 Ne7 9. b4 Ne8 10. c5 f5 11. Nd2 Nf6 12. a4 Kh8 13. cxd6 cxd6 14. Ba3 fxe4 15. Rc1 Bh6 16. Ndxe4 Nxe4 17. Nxe4 Bxc1 18. Bxc1 Bf5 19. Ng5 Qc8 20. g4 Bc2 21. Qd2 Bb3 22. Ne6 Rf7 23. Ng5 Rf4 24. Ne6 Nxd5 25. Nxf4 Nxf4 26. Bf3 Bd5 27. Bxd5 Qxg4+ 28. Kh1 Rc8 29. Qxf4 1-0

[Event "Hastings Masters op 82nd"]
[Site "Hastings"]
[Date "2007.01.05"]
[Round "9"]
[White "Lunn, Timothy"]
[Black "Wilson, Alexandra"]
[Result "1/2-1/2"]
[WhiteElo "2079"]
[BlackElo "2056"]
[PlyCount "50"]
[EventDate "2006.12.28"]
[EventType "swiss"]
[EventRounds "9"]
[EventCountry "ENG"]
[SourceTitle "CBM 116 Extra"]
[Source "ChessBase"]
[SourceDate "2007.03.07"]
[SourceVersion "1"]
[SourceVersionDate "2007.03.07"]
[SourceQuality "1"]

1. d4 Nf6 2. c4 g6 3. Nc3 d5 4. cxd5 Nxd5 5. e4 Nxc3 6. bxc3 Bg7 7. Bc4 0-0 8. Ne2 c5 9. 0-0 Nc6 10. Be3 e6 11. Qd2 Re8 12. Rfd1 Qa5 13. Bh6 Bh8 14. Rab1 a6 15. Qg5 cxd4 16. cxd4 Qxg5 17. Bxg5 b5 18. Bb3 Na5 19. Bc2 Nc4 20. Bd3 Nd6 21. Rdc1 Bb7 22. f3 Rac8 23. Bf4 Red8 24. Rxc8 Nxc8 25. Be3 Nd6 1/2-1/2

[Event "Hastings Masters op 82nd"]
[Site "Hastings"]
[Date "2006.12.28"]
[Round "1"]
[White "Lunn, Timothy"]
[Black "Ciuksyte, Dagne"]
[Result "0-1"]
[WhiteElo "2079"]
[BlackElo "2440"]
[PlyCount "66"]
[EventDate "2006.12.28"]
[EventType "swiss"]
[EventRounds "9"]
[EventCountry "ENG"]
[SourceTitle "CBM 116 Extra"]
[Source "ChessBase"]
[SourceDate "2007.03.07"]
[SourceVersion "1"]
[SourceVersionDate "2007.03.07"]
[SourceQuality "1"]

1. Nf3 Nf6 2. d4 b5 3. e3 a6 4. a4 b4 5. Bd3 Bb7 6. Nbd2 e6 7. 0-0 c5 8. dxc5 Bxc5 9. Nb3 Be7 10. a5 0-0 11. Qe2 d5 12. Bd2 Nc6 13. Nfd4 Ne5 14. Ra4 Nc4 15. Bxc4 dxc4 16. Qxc4 Qd7 17. Rxb4 Bd5 18. Qe2 Bxb4 19. Bxb4 Bxg2 20. Kxg2 Qb7+ 21. Qf3 Qxb4 22. Rg1 Qc4 23. Kh3 Kh8 24. Qf4 Qd5 25. Rg5 Qe4 26. Qg3 Nd7 27. Rxg7 Rg8 28. Rg4 Qd5 29. f3 Nf6 30. Rxg8+ Rxg8 31. Qf4 Rg6 32. Ne2 Qh5+ 33. Qh4 Qf5+ 0-1

[Event "Monarch Assurance 15th"]
[Site "Port Erin"]
[Date "2006.09.30"]
[Round "8"]
[White "Spanton, Timothy"]
[Black "Lunn, Timothy"]
[Result "1-0"]
[WhiteElo "2075"]
[BlackElo "2079"]
[PlyCount "85"]
[EventDate "2006.09.23"]
[EventType "swiss"]
[EventRounds "9"]
[EventCountry "IOM"]
[SourceTitle "CBM 114 Extra"]
[Source "ChessBase"]
[SourceDate "2006.11.03"]
[SourceVersion "1"]
[SourceVersionDate "2006.11.03"]
[SourceQuality "1"]

1. d4 Nf6 2. Nc3 d5 3. Bg5 c6 4. e3 Nbd7 5. Nf3 Qa5 6. Qd2 e6 7. a3 Bd6 8. Bd3 0-0 9. 0-0 Re8 10. Rfe1 Qc7 11. e4 dxe4 12. Nxe4 Nxe4 13. Bxe4 b6 14. Rad1 Ba6 15. c3 Rac8 16. Bb1 Nf8 17. h4 f6 18. Be3 Rcd8 19. Qc2 b5 20. b4 Bc8 21. Ba2 Bd7 22. h5 Re7 23. Qe2 Be8 24. h6 g6 25. Bc1 Bf4 26. Be3 Bd6 27. Rd3 Bd7 28. Bd2 Bf4 29. g3 Bd6 30. Re3 Rde8 31. Bb3 Kh8 32. Bc1 a5 33. Bb2 axb4 34. cxb4 Kg8 35. Nh2 Qc8 36. Ng4 Rf7 37. f4 Qd8 38. Qd3 Be7 39. Nf2 f5 40. g4 Bd6 41. d5 g5 42. Qc3 e5 43. fxe5 1-0

[Event "Monarch Assurance 15th"]
[Site "Port Erin"]
[Date "2006.09.29"]
[Round "7"]
[White "Lunn, Timothy"]
[Black "Roy Chowdhury, Saptarshi"]
[Result "0-1"]
[WhiteElo "2079"]
[BlackElo "2394"]
[PlyCount "92"]
[EventDate "2006.09.23"]
[EventType "swiss"]
[EventRounds "9"]
[EventCountry "IOM"]
[SourceTitle "CBM 114 Extra"]
[Source "ChessBase"]
[SourceDate "2006.11.03"]
[SourceVersion "1"]
[SourceVersionDate "2006.11.03"]
[SourceQuality "1"]

1. d4 e6 2. c4 b6 3. a3 Bb7 4. Nc3 g6 5. e4 Bg7 6. Nf3 d6 7. Be2 Nd7 8. Qc2 Ne7 9. Bg5 h6 10. Be3 0-0 11. g4 a6 12. h4 f5 13. gxf5 exf5 14. Rg1 Qe8 15. 0-0-0 f4 16. Bd2 c5 17. e5 Nf5 18. e6 Qxe6 19. d5 Qf7 20. Bd3 Ne5 21. Nxe5 dxe5 22. Rde1 Bc8 23. Ne4 Nxh4 24. Nd6 Qe7 25. Nxc8 Raxc8 26. Re4 Qd6 27. Qd1 Nf5 28. Qg4 Kh7 29. Rge1 b5 30. Rxf4 Nd4 31. Rxf8 Rxf8 32. Rg1 Rf6 33. Be3 bxc4 34. Bxc4 Nf5 35. Bd2 h5 36. Qe4 Bh6 37. Bxh6 Nxh6 38. f3 Rf4 39. Qd3 Qf6 40. d6 Rd4 41. Qb3 Rxd6 42. Qb7+ Qg7 43. Bxa6 Nf5 44. Re1 Rd7 45. Qb8 Re7 46. Bd3 Qh6+ 0-1

[Event "Monarch Assurance 15th"]
[Site "Port Erin"]
[Date "2006.09.26"]
[Round "4"]
[White "Szieberth, Adam"]
[Black "Lunn, Timothy"]
[Result "1-0"]
[WhiteElo "2328"]
[BlackElo "2079"]
[PlyCount "71"]
[EventDate "2006.09.23"]
[EventType "swiss"]
[EventRounds "9"]
[EventCountry "IOM"]
[SourceTitle "CBM 114 Extra"]
[Source "ChessBase"]
[SourceDate "2006.11.03"]
[SourceVersion "1"]
[SourceVersionDate "2006.11.03"]
[SourceQuality "1"]

1. e4 c5 2. Nf3 Nc6 3. d4 cxd4 4. Nxd4 Nf6 5. Nc3 e5 6. Ndb5 d6 7. Bg5 a6 8. Na3 b5 9. Bxf6 gxf6 10. Nd5 Bg7 11. g3 Ne7 12. Bg2 Be6 13. Nxe7 Qxe7 14. Qd2 0-0 15. c3 Rfd8 16. Nc2 Qb7 17. Ne3 Rac8 18. 0-0 Bh6 19. f4 Qb6 20. Kh1 a5 21. Qe2 b4 22. cxb4 axb4 23. a4 Rc5 24. f5 Bb3 25. Qd3 Bxe3 26. Qxe3 Bc4 27. Rfc1 Ba6 28. Qh6 Rdc8 29. Rg1 Qd8 30. g4 Bb7 31. Bf3 d5 32. g5 fxg5 33. f6 Qf8 34. Rxg5+ Kh8 35. Rg7 Ba8 36. Qxh7# 1-0

[Event "Monarch Assurance 15th"]
[Site "Port Erin"]
[Date "2006.09.23"]
[Round "1"]
[White "Lunn, Timothy"]
[Black "Williams, Simon Kim"]
[Result "0-1"]
[WhiteElo "2079"]
[BlackElo "2473"]
[PlyCount "36"]
[EventDate "2006.09.23"]
[EventType "swiss"]
[EventRounds "9"]
[EventCountry "IOM"]
[SourceTitle "CBM 114 Extra"]
[Source "ChessBase"]
[SourceDate "2006.11.03"]
[SourceVersion "1"]
[SourceVersionDate "2006.11.03"]
[SourceQuality "1"]

1. c4 f5 2. Nc3 Nf6 3. d4 e6 4. e3 b6 5. Bd3 Bb7 6. f3 Bd6 7. Qc2 Nh5 8. Nh3 0-0 9. 0-0 a6 10. e4 Nc6 11. Be3 f4 12. Bf2 e5 13. dxe5 Bxe5 14. Rfd1 d6 15. Bf1 Bc8 16. c5 bxc5 17. Bxc5 Bxh3 18. gxh3 Qg5+ 0-1